书目信息 |
| 题名: |
开国将军轶事
|
|
| 作者: | 吴东峰 著 | |
| 分册: | ||
| 出版信息: | 北京 解放军文艺出版社 2002.01 |
|
| 页数: | 333页 | |
| 开本: | 19cm | |
| 丛书名: | ||
| 单 册: | ||
| 中图分类: | I , I253.2 | |
| 科图分类: | ||
| 主题词: | 报告文学--中国 , 传记文学--中国 | |
| 电子资源: | ||
| ISBN: | 7-5033-1503-2 | |
| 000 | 00604nam0 2200217 45 | |
| 001 | 0333684108 | |
| 005 | 2003041409212410 | |
| 010 | @a7-5033-1503-2@b压膜@dRMB 20.00 | |
| 100 | @a20030414d2002 km y0chiy0120 ea | |
| 101 | 0 | @achi |
| 102 | @aCN@b110000 | |
| 200 | 1 | @a开国将军轶事@Akai guo jiang jun yi shi@f吴东峰著@Fwu dong feng zhu |
| 210 | @a北京@c解放军文艺出版社@d2002.01 | |
| 215 | @a333页@d19cm | |
| 606 | 0 | @a报告文学@x中国 |
| 606 | 0 | @a传记文学@x中国 |
| 690 | @aI@v3 | |
| 690 | @aI253.2@v4 | |
| 701 | 0 | @a吴东峰@Awu dong feng@4著 |
| 801 | 0 | @aCN@bPFT@c20030414 |
| 905 | @a10447@dI253.2@eW760 | |
| 开国将军轶事/吴东峰著.-北京:解放军文艺出版社,2002.01 |
| 333页;19cm |
| ISBN 7-5033-1503-2(压膜):RMB 20.00 |
| ● |
| 相关链接 |
|
|
|
正题名:开国将军轶事
索取号:I253.2/W760
 
预约/预借
| 序号 | 登录号 | 条形码 | 馆藏地/架位号 | 状态 | 备注 |
| 1 | 365505 | 203655053 | 社科二线422/422社科库 28排2列1层/ [索取号:I253.2/W760] | 在馆 | |
| 2 | 365506 | 203655062 | 社科二线422/422社科库 28排2列1层/ [索取号:I253.2/W760] | 在馆 |